• 首页
  • 本馆介绍
  • 公告通知
  • 最新文献
  • 馆藏检索
  • 电子资源
  • 读者导购
  • 参考咨询
  • 我的图书馆
  • 登录
  • 详细信息显示
  • 放入我的书架
  • 预约/预借图书
  • 作者相关作品
  • 分类相关作品
  • 丛书相关作品
  • 出版社相关作品

书目信息

  • 表格格式
  • 工作单格式
  • 卡片格式
题名:
AutoCAD 2018中文版电气设计完全自学一本通
    
 
作者: 史丰荣 , 孙岩志 , 徐宗刚 编著
分册:  
出版信息: 北京   电子工业出版社  2019
页数: 516页
开本: 26cm
丛书名:
单 册:
中图分类: TM02-39 , TM02-39
科图分类:
主题词: 电气设备--dian qi she bei--计算机辅助设计--AutoCAD软件--自学参考资料
电子资源:
ISBN: 978-7-121-33879-3
000 01241nam0 2200289 45
001 012001002929
005 20140126092145.0
010    @a978-7-121-33879-3@dCNY89.80
010    @a978-7-89394-356-0
099    @aCAL 012018095186
100    @a20180517d2018 em y0chiy50 ea
101 0  @achi
102    @aCN@b110000
105    @aak z 000yy
106    @ar
200 1  @aAutoCAD 2018中文版电气设计完全自学一本通@AAutoCAD 2018zhong wen ban dian qi she ji wan quan zi xue yi ben tong@f史丰荣, 孙岩志, 徐宗刚编著
210    @a北京@c电子工业出版社@d2019
215    @a516页@c图@d26cm@e光盘1片
330    @a本书以目前新版本AutoCAD 2018为平台, 从实际操作和应用的角度出发, 全面讲述了AutoCAD 2018的基本功能及其在电气工程行业中的实战应用。全书分为四大部分共20章, 从电气工程基础、AutoCAD 2018的基础操作到实际应用、电气设计, 都做了详细、全面的讲解, 帮助读者彻底掌握AutoCAD 2018的操作技能与实际工程设计与应用。
606 0  @a电气设备@Adian qi she bei@x计算机辅助设计@xAutoCAD软件@j自学参考资料
690    @aTM02-39@v4
690    @aTM02-39@v5
701  0 @a史丰荣@Ashi feng rong@4编著
701  0 @a孙岩志@Asun yan zhi@4编著
701  0 @a徐宗刚@Axu zong gang@4编著
801  0 @aCN@b北京卓展@c20191020
905    @b1204788-91@dTM02-39@e35@f4
    
    AutoCAD 2018中文版电气设计完全自学一本通/史丰荣, 孙岩志, 徐宗刚编著.-北京:电子工业出版社,2019
    516页:图;26cm+光盘1片
    
    
    ISBN 978-7-121-33879-3:CNY89.80
    本书以目前新版本AutoCAD 2018为平台, 从实际操作和应用的角度出发, 全面讲述了AutoCAD 2018的基本功能及其在电气工程行业中的实战应用。全书分为四大部分共20章, 从电气工程基础、AutoCAD 2018的基础操作到实际应用、电气设计, 都做了详细、全面的讲解, 帮助读者彻底掌握AutoCAD 2018的操作技能与实际工程设计与应用。
●
相关链接 在E读中查询图书 在五车中查询图书 在当当中查询图书 在豆瓣中查询图书


正题名:AutoCAD 2018中文版电气设计完全自学一本通     索取号:TM02-39/35         预约/预借

序号 登录号 条形码 馆藏地/架位号 状态 备注
1 1204788   212047881   第二样本阅览室/ [索取号:TM02-39/35] 在馆    
2 1204789   212047890   第三借阅区/ [索取号:TM02-39/35] 在馆    
3 1204790   212047907   第三借阅区/ [索取号:TM02-39/35] 在馆    
4 1204791   212047916   第三借阅区/ [索取号:TM02-39/35] 在馆    
唐山师范学院图书馆 欢迎您!
大连网信软件有限公司© 版权所有